Ảnh hưởng của việc thay thế bắp bằng mỡ cá tra, khoai mì lát trong khẩu phần gà tàu vàng giai đoạn sinh trưởng : (Chuyên ngành chăn nuôi)

Nội dung đề tài nhằm so sánh các loại khẩu phần sử dụng nguồn thức ăn năng lượng: bắp, mỡ cá tra, bột khoai mì lát trên cơ sở khẩu phần chủ yếu là bắp với cùng mức giá trị dinh dưỡng để tìm ra khẩu phần nào sử dụng thích hợp ch...

Descrición completa

Gardado en:
Detalles Bibliográficos
Autor Principal: Châu, Thị Ngọc Dung
Formato: Libro
Idioma:Undetermined
Publicado: Cần Thơ Trường Đại học Cần Thơ 2007
Những chủ đề:
Các nhãn: Engadir etiqueta
Sen Etiquetas, Sexa o primeiro en etiquetar este rexistro!
Thư viện lưu trữ: Trung tâm Học liệu Trường Đại học Cần Thơ
LEADER 01333nam a2200229Ia 4500
001 CTU_135604
008 210402s9999 xx 000 0 und d
082 |a 636.5085 
082 |b D513 
088 |a 60620105 
100 |a Châu, Thị Ngọc Dung 
245 0 |a Ảnh hưởng của việc thay thế bắp bằng mỡ cá tra, khoai mì lát trong khẩu phần gà tàu vàng giai đoạn sinh trưởng : 
245 0 |b (Chuyên ngành chăn nuôi) 
245 0 |c Châu Thị Ngọc Dung ; Võ Văn Sơn giáo viên hướng dẫn 
260 |a Cần Thơ 
260 |b Trường Đại học Cần Thơ 
260 |c 2007 
520 |a Nội dung đề tài nhằm so sánh các loại khẩu phần sử dụng nguồn thức ăn năng lượng: bắp, mỡ cá tra, bột khoai mì lát trên cơ sở khẩu phần chủ yếu là bắp với cùng mức giá trị dinh dưỡng để tìm ra khẩu phần nào sử dụng thích hợp cho gà tàu nuôi thịt và cho chi phí sản xuất thấp nhất. 
650 |a Poultry,Gia cầm 
650 |x Feeding and feeds,Thức ăn cho gia cầm 
904 |i Tuyến 
980 |a Trung tâm Học liệu Trường Đại học Cần Thơ